New Zealand Rugby All Blacks -Lowest Scoring Wins - Statistics

General Stats
  • This quiz has been taken 82 times
  • The average score is 9 of 11
Answer Stats
Year All Blacks Score Opponent Score Opponent % Correct
1991 6 3 Australia
97%
2011 8 7 France
82%
1991 13 6 Scotland
80%
1996 15 11 South Africa
80%
1994 13 9 South Africa
79%
2014 14 10 South Africa
78%
2001 12 3 South Africa
76%
2002 12 6 Australia
75%
2006 13 9 Australia
70%
2009 14 10 France
70%
2002 15 6 Ireland
68%
No matching quizzes found
Score Distribution
Percent of People with Each Score
Percentile by Number Answered
Your Score History
You have not taken this quiz